[Event "Lovfalds 10th D"]
[Site "Ringsted"]
[Date "1996.09.22"]
[Round "5"]
[White "Petersen, Torben William"]
[Black "Christensen, Henrik Baek"]
[Result "1-0"]
[WhiteElo "1327"]
[BlackElo "1299"]
[PlyCount "83"]
[EventDate "1996.09.20"]
[EventType "tourn"]
[EventRounds "5"]
[EventCountry "DEN"]
[SourceTitle "EXT 2023"]
[Source "ChessBase"]
[SourceDate "2022.10.05"]
[SourceVersion "1"]
[SourceVersionDate "2022.10.05"]
[SourceQuality "1"]

1. d4 d5 2. Nf3 c5 3. dxc5 Nc6 4. e3 Bg4 5. c3 Nf6 6. Nbd2 e5 7. Qb3 Rb8 8. Bb5 Bxf3 9. Nxf3 Qc7 10. Bxc6+ bxc6 11. Qa3 Rb5 12. b4 a5 13. Bd2 Be7 14. 0-0 Ne4 15. Qc1 Nxd2 16. Qxd2 0-0 17. a3 Bf6 18. Rfd1 e4 19. Nd4 Bxd4 20. cxd4 axb4 21. axb4 Rfb8 22. Rdb1 Qb7 23. h3 h6 24. Ra4 Ra8 25. Rxa8+ Qxa8 26. Qb2 Qb7 27. Qa3 f6 28. Kf1 Kf7 29. Ke2 Ke6 30. f3 f5 31. g4 g6 32. fxe4 fxe4 33. h4 Qc7 34. Qa6 Kd7 35. Rf1 Qh2+ 36. Rf2 Qxh4 37. Qa7+ Ke8 38. Qf7+ Kd8 39. Qf8+ Kd7 40. Qd6+ Kc8 41. Qxc6+ Kd8 42. Rf8+ 1-0